LEADER 00871nam0 22002531i 450 001 UON00418793 005 20231205104813.447 100 $a20130221d1916 |0itac50 ba 101 $ahun 102 $aHU 105 $a|||| 1|||| 200 1 $aTristan Hajojan$fBalazs Bela 210 $aGyoma$cKner Izidor Kiadasa$d1916 215 $a78 p.$d25 cm. 620 $dGyoma$3UONL005062 676 $a894.5111$cLetteratura ungherese. Poesia$v21 700 1$aBalazs$bBéla$3UONV129282$0382107 712 $aKner Izidor$3UONV280063$4650 801 $aIT$bSOL$c20250718$gRICA 899 $aSIBA - SISTEMA BIBLIOTECARIO DI ATENEO$2UONSI 912 $aUON00418793 950 $aSIBA - SISTEMA BIBLIOTECARIO DI ATENEO$dSI TOTH 024 $eSI 4125 6 024 996 $aTristan Hajojan$91340230 997 $aUNIOR